LIBRARY ONLINE CATALOGUE

Ethnobotany and health : (Record no. 13930)

MARC details
000 -LEADER
fixed length control field 00770cam a22002292 4500
001 - CONTROL NUMBER
control field 0000024308
005 - DATE AND TIME OF LATEST TRANSACTION
control field 20151217155915.0
008 - FIXED-LENGTH DATA ELEMENTS--GENERAL INFORMATION
fixed length control field 130701s xx 000 0 eng d
020 ## - INTERNATIONAL STANDARD BOOK NUMBER
International Standard Book Number 870452002 :
040 ## - CATALOGING SOURCE
Original cataloging agency KABU
Transcribing agency KABU
245 10 - TITLE STATEMENT
Title Ethnobotany and health :
Remainder of title proceedings of the cluster workshop 4th-7th September Entebbe, Uganda /
Statement of responsibility, etc. editors: J. A. Orwa ... [et al.].
250 ## - EDITION STATEMENT
Edition statement 1st ed.
260 ## - PUBLICATION, DISTRIBUTION, ETC. (IMPRINT)
Place of publication, distribution, etc. Kampala :
Name of publisher, distributor, etc. IUCEA,
Date of publication, distribution, etc. 2012.
300 ## - PHYSICAL DESCRIPTION
Extent 217 p.
650 #0 - SUBJECT ADDED ENTRY--TOPICAL TERM
Topical term or geographic name as entry element Human-plant relationships
Form subdivision Congresses.
-- 0000184308
650 #0 - SUBJECT ADDED ENTRY--TOPICAL TERM
Topical term or geographic name as entry element Plant, Medicinal
Form subdivision Congresses.
-- 0000184309
650 #0 - SUBJECT ADDED ENTRY--TOPICAL TERM
Topical term or geographic name as entry element Ethnobotany.
-- 0000184310
710 2# - ADDED ENTRY--CORPORATE NAME
Corporate name or jurisdiction name as entry element Orwa, J. A.
-- 0000184307
908 ## - PUT COMMAND PARAMETER (RLIN)
Put command parameter 130701
950 ## - LOCAL HOLDINGS (RLIN)
-- 1
Holdings
Withdrawn status Lost status Source of classification or shelving scheme Not for loan Home library Current library Date acquired Total Checkouts Full call number Barcode Date last seen Price effective from Koha item type
    Library of Congress Classification   Kabarak, Main Campus Kabarak, Main Campus 17/12/2015   QK46.5 .H85E84 2012 c. 1 014911 17/12/2015 17/12/2015 Africana Collection